Piłkarze Manchesteru United! - Statystyki

Ogólne statystyki
  • Ten quiz został rozwiązany 459 razy
  • Średni wynik to 43 z 125
Statystyki odpowiedzi
Pozycja Narodowość Obecny klub Zawodnik % Poprawnych
Bramkarz Hiszpania Manchester United De Gea
92%
Bramkarz Holandia - van der Sar
80%
Obrońca Serbia - Vidic
78%
Obrońca Anglia - Ferdinand
70%
Bramkarz Polska - Kuszczak
69%
Napastnik Anglia - Rooney
69%
Obrońca Anglia Manchester United Maguire
68%
Pomocnik Francja Manchester United Pogba
68%
Napastnik Anglia Manchester United Rashford
68%
Napastnik Urugwaj Manchester United Cavani
67%
Napastnik Szwecja Milan Ibrahimovic
67%
Obrońca Anglia Roma Smalling
67%
Napastnik Francja Manchester United Martial
64%
Bramkarz Argentyna Manchester United Romero
64%
Obrońca Ekwador Queretaro Valencia
64%
Napastnik Belgia Inter Lukaku
62%
Pomocnik Walia - Giggs
61%
Obrońca Irlandia Północna Leicester Evans
60%
Pomocnik Anglia - Scholes
60%
Obrońca Anglia Manchester United Shaw
60%
Pomocnik Brazylia Manchester United Fred
59%
Napastnik Chile Inter Sanchez
59%
Napastnik Argentyna PSG Di Maria
58%
Obrońca Szwecja Manchester United Lindelof
58%
Pomocnik Szkocja Manchester United McTominay
58%
Obrońca Anglia Manchester United Jones
57%
Napastnik Holandia OL Depay
56%
Pomocnik Portugalia Manchester United Fernandes
56%
Bramkarz Anglia Manchester United Henderson
55%
Napastnik Meksyk LA Galaxy Chicharito/Hernandez
54%
Obrońca Portugalia Milan Dalot
54%
Obrońca Francja - Evra
54%
Pomocnik Serbia Manchester United Matic
54%
Obrońca WKS Manchester United Bailly
52%
Napastnik Portugalia Orlando City Nani
52%
Obrońca Holandia Ajax Amsterdam Blind
51%
Pomocnik Hiszpania Manchester United Mata
51%
Obrońca Argentyna Boca Juniors Rojo
50%
Pomocnik Hiszpania PSG Herrera
49%
Napastnik Holandia - Van Persie
49%
Pomocnik Korea Południowa - Park
48%
Pomocnik Belgia Shandong Taishan Fellaini
47%
Obrońca Anglia Everton Keane
46%
Napastnik Anglia Wigan Keane
46%
Obrońca Anglia Manchester United Wan-Bissaka
46%
Napastnik Kolumbia Galatasaray Falcao
45%
Napastnik Belgia Real Sociedad Januzaj
45%
Pomocnik Japonia PAOK Kagawa
45%
Pomocnik Anglia Inter Mediolan Young
45%
Pomocnik Anglia - Carrick
44%
Pomocnik Anglia West Ham Lingard
44%
Obrońca Brazylia Basaksehir Rafael
44%
Obrońca Anglia Doncaster Rovers James
43%
Napastnik Walia Manchester United James
43%
Napastnik WKS Crystal Palace Zaha
43%
Napastnik Bułgaria - Berbatov
42%
Obrońca Włochy Inter Mediolan Darmian
42%
Napastnik Anglia Manchester United Greenwood
41%
Napastnik Nigeria Al-Shabab Ighalo
41%
Bramkarz Hiszpania - Valdes
41%
Obrońca Anglia - Neville
38%
Napastnik Anglia Brighton Welbeck
38%
Pomocnik Brazylia - Anderson
37%
Pomocnik Armenia Roma Mkhitaryan
37%
Obrońca Irlandia - O'shea
37%
Obrońca Brazylia Nantes Fabio
36%
Bramkarz Portugalia Huddersfield Pereira
35%
Pomocnik Brazylia Lazio Pereira
35%
Pomocnik Holandia Manchester United van de Beek
34%
Napastnik WKS Manchester United Diallo
33%
Pomocnik Niemcy - Schweinsteiger
32%
Obrońca Brazylia Manchester United Telles
32%
Pomocnik Szkocja - Fletcher
31%
Bramkarz Dania Helsingborgs Lindegaard
31%
Bramkarz Anglia Manchester United Grant
26%
Obrońca Anglia - Brown
25%
Obrońca Anglia Manchester United Tuanzebe
25%
Obrońca Holandia Bayer Leverkusen Fosu-Mensah
24%
Pomocnik Francja Nicea Schneiderlin
24%
Pomocnik Anglia Watford Cleverley
22%
Napastnik Włochy Panathinaikos Macheda
22%
Napastnik Anglia - Owen
22%
Pomocnik Anglia Boavista Gomes
21%
Obrońca Anglia Manchester United Williams
21%
Napastnik Portugalia Rayo Vallecano Bebe
18%
Napastnik Norwegia Everton King
18%
Napastnik Anglia Salford Wilson
17%
Napastnik Holandia Club Brugge Chong
16%
Pomocnik Anglia Radcliffe Cole
14%
Obrońca Urugwaj Dynamo Moskwa Varela
12%
Bramkarz Anglia Charlton Amos
11%
Obrońca Holandia Bez klubu Buttner
11%
Pomocnik Anglia Nottingham Forest Garner
11%
Obrońca Irlandia Północna Middlesbrough McNair
10%
Obrońca Anglia Manchester United U23 Mengi
9%
Obrońca Belgia Antwerp De Laet
8%
Obrońca Anglia Oldham Athletic Borthwick-Jackson
7%
Napastnik Senegal Hatayspor Diouf
7%
Pomocnik Francja Erzurumspor Obertan
7%
Napastnik Belgia Almeria Ramazani
7%
Obrońca Anglia Nottingham Forest Blackett
6%
Pomocnik Irlandia - Gibson
6%
Pomocnik Irlandia Salford Gibson
6%
Pomocnik Anglia - Hargreaves
6%
Obrońca Anglia MK Dons Laird
6%
Pomocnik Jamajka Bez klubu Morrison
6%
Pomocnik Anglia Stoke Powell
6%
Pomocnik Irlandia Burnley Brady
5%
Obrońca Anglia Salford Bernard
4%
Pomocnik Irlandia Północna Manchester United U23 Galbraith
4%
Pomocnik Walia NK Istra Levitt
4%
Napastnik Walia Derby Lawrence
3%
Obrońca Anglia Blackpool Mitchell
3%
Pomocnik Anglia Ipswich Harrop
2%
Obrońca Szwajcaria Real Valladolid Janko
2%
Obrońca Szkocja Shrewsbury Love
2%
Obrońca Walia Lincoln City Poole
2%
Obrońca Anglia Bez klubu Thorpe
2%
Pomocnik Anglia Luton Tunnicliffe
2%
Obrońca Belgia Thes Sport Vermijl
2%
Pomocnik Anglia Pohronie Weir
2%
Napastnik Anglia Manchester United U23 Bughail-Mellor
1%
Obrońca Anglia Swindon Fryers
1%
Pomocnik Anglia Carlisle United Riley
1%
Obrońca Anglia Wigan Wootton
1%
Nie znaleziono quizów pasujących do podanych kryteriów
Rozkład punktacji
Procent ludzi z każdym wynikiem
Percentyl według liczby udzielonych odpowiedzi
Twoja historia wyników
Nie rozwiązałeś tego quizu